| 000 | 00784nam a2200217 a 4500 | ||
|---|---|---|---|
| 001 | 012898 | ||
| 003 | BD-ChCU | ||
| 008 | Ben | ||
| 020 | _a৯৮৪০৫০০৯৫৩ | ||
| 040 |
_aDLC _cDLC _dBD-ChCU |
||
| 082 | 0 | 0 | _a৩২৩.৩০৯৫৪৯২/বেগ১বা |
| 100 | 1 |
_aবেগম, মালেকা _b- |
|
| 245 | 1 | 0 |
_aবাংলার নারী আন্দোলন _b- |
| 250 | _a*** | ||
| 260 |
_aঢাকা _bইউনিভার্সিটি প্রেস _c১৯৯১ |
||
| 300 | _a** | ||
| 504 | _aনির্ঘন্ট সম্বলিত Biblio- | ||
| 650 | 0 |
_aনারী আন্দোলন বাংলাদেশ _bনারী আন্দোলন বাংলাদেশ |
|
| 700 | 1 | _a- | |
| 942 |
_2ddc _cBK |
||
| 999 |
_c12898 _d12898 |
||